Manchester United players (2010-2020) - Statistics

General Stats
  • This quiz has been taken 71 times
  • The average score is 63 of 98
Answer Stats
Rank Player Positions Nationality Matches Goals (assists) Period % Correct
1 David de Gea GK 313 0 (0) 2011-2020
100%
4 Wayne Rooney ST 204 92 (52) 2010-2017
98%
7 Juan Mata AM 180 33 (27) 2013-2020
96%
9 Anthony Martial ST 145 51 (24) 2015-2020
94%
2 Antonio Valencia RB 207 12 (33) 2010-2019
94%
10 Marcus Rashford LW 142 44 (24) 2015-2020
94%
24 Nemanja Vidic‎ CB 85 6 (1) 2010-2014
94%
18 Luke Shaw LB 96 1 (6) 2014-2020
92%
11 Patrice Evra LB 139 6 (14) 2010-2014
92%
30 Romelu Lukaku ST 66 28 (7) 2017-2019
92%
50 Zlatan Ibrahimović ST 33 17 (5) 2016-2018
92%
41 Dimitar Berbatov ST 44 27 (4) 2010-2012
90%
5 Michael Carrick DM 194 5 (9) 2010-2018
90%
23 Nemanja Matic DM 85 2 (3) 2017-2020
90%
15 Paul Pogba CM 111 25 (27) 2011-2012, 2016-2020
90%
21 Robin van Persie ST 86 48 (15) 2012-2015
90%
27 Ryan Giggs LM 84 6 (19) 2010-2014
90%
13 Ander Herrera CM 132 12 (17) 2014-2019
88%
54 Ángel Di María RW 27 3 (10) 2014-2015
88%
3 Chris Smalling CB 206 12 (1) 2010-2019
88%
52 Ji-sung Park AM 32 7 (4) 2010-2012
88%
17 Jonny Evans CB 96 4 (4) 2010-2015
88%
14 Marouane Fellaini CM 119 12 (3) 2013-2019
88%
8 Phil Jones CB 165 2 (7) 2011-2020
88%
19 Rio Ferdinand CB 91 1 (1) 2010-2014
88%
28 Victor Lindelöf CB 82 2 (1) 2017-2020
88%
37 Adnan Januzaj RW 50 5 (3) 2013-2016
87%
51 Alexis Sánchez ST 32 3 (6) 2017-2019
87%
16 Chicharito ST 103 37 (9) 2010-2016
87%
43 Harry Maguire CB 38 1 (1) 2019-2020
87%
22 Nani LW 85 18 (30) 2010-2015
87%
55 Radamel Falcao ST 26 4 (5) 2014-2015
87%
60 Bastian Schweinsteiger CM 18 1 (0) 2015-2016
85%
20 Daley Blind CB 90 4 (5) 2014-2018
85%
48 Edwin van der Sar GK 33 0 (1) 2010-2011
85%
29 Marcos Rojo CB 76 1 (1) 2014-2020
85%
44 Shinji Kagawa AM 38 6 (6) 2012-2014
85%
31 Darren Fletcher CM 60 4 (7) 2010-2015
83%
58 Diogo Dalot RB 20 0 (2) 2018-2020
83%
36 Eric Bailly CB 54 1 (0) 2016-2020
83%
42 Henrikh Mkhitaryan CM 39 5 (6) 2016-2018
83%
34 Paul Scholes CM 55 6 (5) 2010-2013
83%
45 Aaron Wan-Bissaka RB 35 0 (4) 2019-2020
81%
65 Bruno Fernandes AM 14 8 (7) 2019-2020
81%
12 Jesse Lingard AM 133 18 (12) 2014-2020
81%
32 Matteo Darmian RB 60 1 (0) 2015-2019
81%
25 Rafael RB 85 3 (10) 2010-2015
81%
33 Scott McTominay CM 58 6 (1) 2016-2020
81%
39 Fred CM 46 1 (1) 2018-2020
79%
49 Memphis Depay ST 33 2 (0) 2015-2017
79%
74 Sergio Romero GK 7 0 (0) 2015-2018
77%
6 Ashley Young RB 192 15 (26) 2011-2020
75%
47 Daniel James RW 33 3 (6) 2019-2020
73%
57 John O'Shea CB 21 0 (3) 2010-2011
73%
53 Morgan Schneiderlin DM 32 1 (0) 2015-2017
73%
62 Fábio RB 17 1 (0) 2010-2012, 2013-2014
69%
69 Odion Ighalo ST 11 0 (0) 2019-2020
69%
38 Anderson CM 50 4 (4) 2010-2015
67%
46 Mason Greenwood RW 34 10 (1) 2018-2020
65%
40 Andreas Pereira AM 45 2 (4) 2014-2016, 2018-2020
63%
26 Danny Welbeck ST 84 19 (9) 2011-2015
63%
93 Joel Pereira GK 1 0 (0) 2016-2017
63%
81 Gary Neville RB 3 0 (0) 2010-2011
60%
95 Michael Keane CB 1 0 (0) 2014-2015
58%
75 Wes Brown CB 7 0 (0) 2010-2011
58%
87 Will Keane ST 2 0 (0) 2011-2012, 2015-2016
58%
59 Anders Lindegaard GK 19 0 (0) 2011-2014
56%
35 Tom Cleverley CM 55 3 (3) 2011-2015
56%
73 Federico Macheda ST 10 1 (0) 2010-2012
54%
85 Víctor Valdés GK 2 0 (0) 2014-2015
48%
86 Wilfried Zaha LW 2 0 (0) 2013-2014
48%
71 Axel Tuanzebe RB 10 0 (0) 2016-2018, 2019-2020
42%
61 Brandon Williams LB 17 1 (1) 2019-2020
42%
68 Michael Owen ST 12 2 (0) 2010-2012
40%
66 Alexander Büttner LB 13 2 (1) 2012-2014
38%
64 Timothy Fosu-Mensah RB 15 0 (1) 2015-2017, 2019-2020
38%
83 Bebé LW 2 0 (0) 2010-2011
35%
63 James Wilson ST 15 3 (0) 2013-2016
35%
79 Tomasz Kuszczak GK 5 0 (0) 2010-2011
31%
80 Guillermo Varela RB 4 0 (0) 2015-2016
29%
56 Paddy McNair CB 24 0 (0) 2014-2016
29%
78 Tahith Chong AM 5 0 (0) 2018-2020
29%
67 Darron Gibson CM 13 0 (2) 2010-2012
27%
76 Gabriel Obertan RW 6 0 (0) 2010-2011
25%
82 Nick Powell AM 3 1 (0) 2012-2013, 2015-2016
25%
72 Cameron Borthwick-Jackson LB 10 0 (1) 2015-2016
23%
77 Angel Gomes AM 5 0 (0) 2016-2017, 2018-2020
21%
89 Ben Amos GK 1 0 (0) 2011-2012
21%
96 Owen Hargreaves DM 1 0 (0) 2010-2011
19%
94 Josh Harrop AM 1 1 (0) 2016-2017
17%
70 Tyler Blackett CB 11 0 (0) 2014-2015
17%
84 James Garner DM 2 0 (0) 2018-2020
15%
90 Demetri Mitchell AM 1 0 (0) 2016-2017
12%
91 Donald Love RB 1 0 (0) 2015-2016
8%
92 James Weir CM 1 0 (0) 2015-2016
6%
97 Tom Lawrence AM 1 0 (0) 2013-2014
6%
98 Tom Thorpe CB 1 0 (0) 2014-2015
6%
88 Zeki Fryers LB 2 0 (0) 2011-2012
6%
No matching quizzes found
Score Distribution
Percent of People with Each Score
Percentile by Number Answered
Your Score History
You have not taken this quiz